Statistics for What's the German in English?

Click here to take the quiz!

General Stats

  • This quiz has been taken 20 times
  • The average score is 12 of 15

Answer Stats

HintAnswer% Correct
AuchAlso
100%
FussballFootball
100%
FrankreichFrance
100%
Wandern(to) Hike
100%
AllesEverything
92%
SpielGame
92%
In der NäheNearby
92%
Nienever
92%
NichtsNothing
92%
BestimmtDefinitely
85%
ObwohlAlthough
77%
WeilBecause
77%
AlsoSo
69%
FastNearly
54%
JedochHowever
23%

Score Distribution

Percentile by Number Answered

Percent of People with Each Score

Your Score History

You have not taken this quiz